| 000 | 00703nam a2200289Ia 4500 | ||
|---|---|---|---|
| 005 | 20260324111506.0 | ||
| 008 | 008 260324s9999 xx 000 0 eng d | ||
| 020 | _a9781003516118 | ||
| 037 | _aEBOOK | ||
| 040 | _aCRL | ||
| 040 | _beng | ||
| 040 | _cCRL | ||
| 041 | _2eng | ||
| 041 | _aeng | ||
| 084 | _qCRL | ||
| 100 |
_aEllen Pinsky; Michael Slevin _91138783 |
||
| 245 | 0 | _aDriven to Write | |
| 245 | 0 | _b45 Writers on the Motives and Mysteries of their Craft | |
| 260 | _bTaylor and Francis | ||
| 260 | _c2025 | ||
| 365 | _a | ||
| 365 | _b220 | ||
| 856 | _uhttp://www.taylorfrancis.com/books/9781003516118 | ||
| 942 | _cEBOOK | ||
| 999 |
_c1727627 _d1727627 |
||